Personal Finance: Turning money into wealth (Record no. 3543)
[ view plain ]
| 000 -LEADER | |
|---|---|
| fixed length control field | 01618nam a2200193 4500 |
| 020 ## - INTERNATIONAL STANDARD BOOK NUMBER | |
| ISBN | 0132213893 |
| 022 ## - INTERNATIONAL STANDARD SERIAL NUMBER | |
| ISSN | 9780132213899 |
| 050 ## - CALL NUMBER | |
| Classification number | HG179.K47 |
| 100 ## - AUTHOR | |
| Personal name | Arthur J Keown |
| 245 ## - TITLE | |
| Title | Personal Finance: Turning money into wealth |
| Remainder of title | Arthur J Keown |
| 250 ## - EDITION | |
| Edition statement | 4th ed |
| 260 ## - PUBLICATION INFORMATION | |
| Place of publication | Upper Saddle River |
| Name of publisher | Pearson Prentice Hall |
| Year of publication | 2007 |
| 300 ## - DESCRIPTION | |
| Number of Pages | xxxi, 640 pages |
| Other physical details | color illustrations ; 27 cm |
| 440 ## - SERIES | |
| SERIES | Prentice Hall finance series. |
| 500 ## - NOTES | |
| General note | includes index |
| 505 ## - FORMATTED CONTENTS NOTE | |
| Table of Content | Pt. 1. Financial planning. The financial planning process ; Measuring your financial health and making a plan ; Understanding the time value of money ; Tax planning and strategies --<br/>part 2. Managing your money. Cash or liquid asset management ; Using credit cards: the role of open credit ; Using consumer loans: the role of planned borrowing ; The home and automobile decision --<br/>part 3. Protecting yourself with insurance. Life and health insurance ; Property and liability insurance --<br/>part 4. Managing your investments. Investment basics ; Securities markets ; Investing in stocks ; Investing in bonds and other alternatives ; Mutual funds: an easy way to diversify --<br/>part 5. Life cycle issues. Retirement planning ; Estate planning: saving your heirs money and headaches ; Fitting the pieces together --<br/>Appendix A: Compound sum of $1 --<br/>Appendix B: Present value of $1 --<br/>Appendix C: Compound sum of an annuity of $1 for n periods --<br/>Appendix D: Present value of an annuity of $1 for n periods --<br/>Appendix E: Monthly installment loan tables. |
| 650 ## - SUBJECTS | |
| Topical Term | Investments. |
| General subdivision | Personal Finance |
| 942 ## - ADDED ENTRY ELEMENTS (KOHA) | |
| Koha item type | Books |
| Withdrawn status | Lost status | Collection code | Home library | Current library | Shelving location | Date acquired | Full call number | Accession Number | Koha item type |
|---|---|---|---|---|---|---|---|---|---|
| Reference | Methodist University Library Main | Methodist University Library Main | General Stacks | 20/01/2013 | HG179.K47 | 36882 | Books |